Movies Quiz

Random Movies or Actress Quiz
Score 0/25 Timer 08:00
6 Plays Today
% Correct
Pretty Woman
93%
Mary Poppins
89.8%
Elf
84.9%
Pirates of the Caribbean: Dead Man's Chest
84%
Titanic
82.8%
Harry Potter and the Chamber of Secrets
81.4%
Star Wars Episode I: The Phantom Menace
79.5%
Breakfast at Tiffany's
78.1%
Fargo
73.8%
Clueless
72.9%
A League of Their Own
71.3%
The Help
68.2%
Gone with the Wind
67.7%
% Correct
Bridesmaids
66.4%
G.I. Jane
62.9%
One Flew Over the Cuckoo's Nest
61.6%
Four Weddings and a Funeral
60%
Out of Africa
57.2%
Chicago
51.7%
True Grit
46.8%
Bonnie and Clyde
46.6%
American Hustle
45.6%
Hugo
40.2%
Fight Club
39.9%
The Big Lebowski
31%
Remove Ads.
Support Sporcle.
Get the best of Sporcle when you Go Orange. This ad-free experience offers more features, more stats, and more fun while also helping to support Sporcle. Thank you for becoming a member.

You're not logged in!

Compare scores with friends on all Sporcle quizzes.
OR
Log In

Show Comments

Extras

Top Quizzes Today


Score Distribution

Your Account Isn't Verified!

In order to create a playlist on Sporcle, you need to verify the email address you used during registration. Go to your Sporcle Settings to finish the process.

Report this User

Report this user for behavior that violates our Community Guidelines.

Details: